000 00440nam a2200181Ia 4500
008 230711s9999||||xx |||||||||||||| ||und||
020 _a978-93-325-4944-9
041 _aENG
082 _a005.133C
_bKE-P
100 _aKernighan.Brain W
245 0 _aC Programming language
250 _a2nd Ed.
260 _c2015
_aNew Delhi
_bPearson
300 _a272p.
650 _aComputer Engineering
700 _aRitchie,Dennis M
942 _cBK
999 _c6346
_d6346